000
00292nam a2200109 a 4500
005
20200930073733.0
008
111005s2008 000 spa d
020
_a
9788991913370
245
0
_a
Diamond dilemma : shaping Korea for the 21st century.
260
_a
Korea,
_c
2008.
999
_c
33992
_d
33992
040
_a
DO-SdBNP